Familia y valores: módulo 4 escuela de padres, papitos podemos preguntar (Registro nro. 4233)
[ vista simple ]
| 000 -Cabecera | |
|---|---|
| Campo de control de longitud fija | 00668aam a2200241 4500 |
| 005 - Fecha y hora de la última transacción | |
| Campo de control | 20230928190901.0 |
| 008 - Elementos de longitud fija--Información general | |
| Campo de control de longitud fija | 150407b1998 xxu||||| |||| 00| 0 spa d |
| 020 ## - International Standard Book Number | |
| Número Internacional Estándar del Libro (ISBN) | 9582000147 |
| 041 ## - Idioma | |
| Código de idioma | Español |
| 082 ## - Clasificación Decimal Dewey | |
| Número de clasificación | 303.372 S939f4 |
| 100 ## - Entrada principal--Autor personal | |
| Nombre personal | Suárez Higuera, Mariela |
| 9 (RLIN) | 31966 |
| 245 ## - Título propiamente dicho | |
| Título | Familia y valores: módulo 4 escuela de padres, papitos podemos preguntar |
| 260 ## - Pie de imprenta | |
| Lugar de publicación, distribución, etc. | Colombia |
| Nombre del editor, distribuidor, etc. | Magisterio |
| Fecha de publicación, distribución, etc. | 2000 |
| 300 ## - Descripción física | |
| Extensión | 176 páginas |
| 650 ## - Materia general | |
| Temática (materia general) | FAMILIA |
| 650 ## - Materia general | |
| Temática (materia general) | VALORES |
| 650 ## - Materia general | |
| Temática (materia general) | EDUCACION SEXUAL |
| 650 ## - Materia general | |
| Temática (materia general) | PROYECTO DE VIDA |
| 650 ## - Materia general | |
| Temática (materia general) | TOLERANCIA |
| 650 ## - Materia general | |
| Temática (materia general) | ADOPCION |
| 650 ## - Materia general | |
| Temática (materia general) | ABORTO |
| 942 ## - Punto de acceso adicional KOHA | |
| Tipo de ítem KOHA | Libro |
| Fuente del sistema de clasificación o colocación | Dewey Decimal Classification |
| Signatura completa | Código de barras | Tipo de ítem |
|---|---|---|
| 303.372 S939f4 | 8709 | Libro |